Hệ giá trị gia đình Việt Nam: truyền thống và đổi mới /

Сохранить в:
Библиографические подробности
Главный автор: Lê Ngọc Văn.
Формат: Статья
Язык:Vietnamese
Предметы:
Метки: Добавить метку
Нет меток, Требуется 1-ая метка записи!
Thư viện lưu trữ: Thư viện Trường Đại học Đà Lạt
LEADER 00797nam a2200265 4500
001 DLU180184202
005 ##20180402
040 # # |a DLU  |b vie 
041 # # |a vie 
044 # # |a vn 
100 # # |a Lê Ngọc Văn. 
245 # # |a Hệ giá trị gia đình Việt Nam: truyền thống và đổi mới /  |c Lê Ngọc Văn. 
653 # # |a Đổi mới 
653 # # |a Biến đổi  
653 # # |a Giá trị gia đình 
653 # # |a Quan hệ gia đình 
773 # # |t Tạp chí Khoa học xã hội Việt Nam  |g Số 11, 2017, tr. 33-40 
920 # # |a Phòng Tạp chí -- Trung tâm Thông tin - Thư viện Trường Đại học Đà Lạt 
900 # # |a True 
911 # # |a Hoàng Thị Huyền 
925 # # |a G 
926 # # |a A 
927 # # |a BB 
980 # # |a Thư viện Trường Đại học Đà Lạt